MARC

LEADER 00000naa0a2200000 4500
001 665748
005 20250818142230.0
035 |a (RuTPU)RU\TPU\network\36952 
035 |a RU\TPU\network\36916 
090 |a 665748 
100 |a 20211111d2018 k||y0engy50 ba 
101 0 |a eng 
102 |a RU 
135 |a drcn ---uucaa 
181 0 |a i  
182 0 |a b 
200 1 |a Simulation of hydrocarbon pyrolysis non-stationary process  |f A. A. Bunaev, I. O. Dolganova, I. M. Dolganov [et al.] 
203 |a Text  |c electronic 
300 |a Title screen 
463 |t Chemical Reactors (CHEMREACTOR-24)  |o abstracts XXIV International Conference, September 12-17, 2021, Milan, Italy - Novosibirsk, Russia  |f Russian Academy of Sciences (RAS), Siberian Branch (SB), Boreskov Institute of Catalysis (BIC) ; University College London ; eds. A. S. Noskov [et al.]  |v [P. 289-290]  |d 2021 
610 1 |a электронный ресурс 
610 1 |a труды учёных ТПУ 
701 1 |a Bunaev  |b A. A.  |c chemist  |c engineer of Tomsk Polytechnic University  |f 1996-  |g Ayur Alekseevich  |3 (RuTPU)RU\TPU\pers\47027 
701 1 |a Dolganova  |b I. O.  |c chemist  |c Associate Scientist of Tomsk Polytechnic University, postgraduate student, candidate of technical Sciences  |f 1988-  |g Irena Olegovna  |3 (RuTPU)RU\TPU\pers\31271  |9 15449 
701 1 |a Dolganov  |b I. M.  |c Chemical Engineer  |c Associate Professor of Tomsk Polytechnic University, Candidate of Technical Sciences  |f 1987-  |g Igor Mikhailovich  |3 (RuTPU)RU\TPU\pers\32216  |9 16216 
701 1 |a Ivanchina  |b E. D.  |c chemist  |c Professor of Tomsk Polytechnic University, Doctor of technical sciences  |f 1951-  |g Emilia Dmitrievna  |3 (RuTPU)RU\TPU\pers\31274 
701 1 |a Chernyshov  |b M. N.  |g Mikhail Nikolaevich 
701 1 |a Mezhova  |b M. Yu.  |g Mariya Yurjevna 
712 0 2 |a Национальный исследовательский Томский политехнический университет  |b Инженерная школа природных ресурсов  |b Отделение химической инженерии  |3 (RuTPU)RU\TPU\col\23513 
801 2 |a RU  |b 63413507  |c 20211208  |g RCR 
856 4 |u http://conf.nsc.ru/files/conferences/CR-24/672763/BOOK%20of%20ABSTRACTS_ChemReactor-24.pdf#page=289 
942 |c CF